01375nam a2200337 a 4500001001000000003000500010005001700015008004100032010001100073011001100084040000900095090001000104100004600114245014200160260004100302500006000343502013100403590004100534590004000575590004000615650004500655650003900700650003400739650003800773856007000811901000700881942001000888942000600898999001900904952011400923000115978CHAP20220329144556.0190823s2019 mx | |sm |||||||spa d a112439 a113411 cCHAP aTesis1 aGarcía Hernández, Mario Ivan.913667210aAnálisis del perfil del mercado de arándano azul para un proyecto de expotaciónh[En línea]cpor Mario Ivan García Hernández. aChapingo, Méx. :bEl autor,c2019. aPara ver el contenido del material haga clic en la liga aTesis (M. C. en Economía Agrícola y de Los Recursos Naturales) -- UACH. División de Ciencias Económico Administrativas aBATCH-UPDb05c20190823lUCH01h1424 aE6337LMJb05c20190823lUCH01h1423 aE6337LMJb05c20190823lUCH01h142414aArandanoxAspectos económicos.912930714aArándanoxExportación.913667314aArándanoxMercadeo.913667414aArándanoxProducción.9136675 aFinding aiduhttp://10.13.5.2/tesis/sist115978.pdfzTeclea aquí aBK cTESIS n0 c112439d112439 00102local40718TESISaBCbBCd2019-08-23fTESISl0oTesisp115989-10r2019-12-31 00:00:00w2019-08-23yCD